Tracklist Jul Coeur Blanc disque 1 - Statistiques

Statistiques générales
  • Ce quiz a été pris 39 fois
  • Le résultat moyen est 6 sur 20
Statistiques - réponses
Hint Réponse % Correct
11 Coeur Blanc
85%
16 Europa
53%
3 Canette dans les mains
41%
2 Le 100 le 100
41%
15 Beuh à la noix de coco
38%
6 Konami
38%
14 C'est pas la mairie
32%
4 Chocolata
32%
9 Heros
29%
13 Le Rrrin
29%
8 Eh ca va guy
26%
7 Grazie la zone
26%
10 Pistolet 45
26%
5 Forbidden
24%
17 Perché
24%
12 Camouflage
21%
19 La vie de reve
21%
20 L'ame abimée
18%
18 Sous tension
15%
1 Nemek
6%
Aucun quiz correspondant
Distribution des résultats
% des personnes avec chaque résultat
Percentile par nombre de réponses
Votre historique - résultats
Vous n’avez pas pris ce quiz